Liverpool FC Current Squad - Statistics

General Stats
  • This quiz has been taken 167 times
    98 since last reset
  • The average score is 23 of 30
Answer Stats
Role # Nationality Player Name % Correct
Goalkeeper 1 Brazilian Alisson
100%
Defender 4 Dutch Virgil van Dijk
98%
Defender 5 French Ibrahima Konaté
95%
Forward 7 Colombian Luis Díaz
95%
Forward 11 Egyptian Mohamed Salah
95%
Midfielder 3 Japanese Wataru Endō
94%
Defender 26 Scottish Andrew Robertson
93%
Forward 9 Uruguayan Darwin Núñez
93%
Midfielder 8 Hungarian Dominik Szoboszlai
92%
Midfielder 10 Argentine Alexis Mac Allister
90%
Forward 18 Dutch Cody Gakpo
90%
Forward 14 Italian Federico Chiesa
89%
Manager - Dutch Arne Slot
88%
Defender 2 English Joe Gomez
87%
Midfielder 38 Dutch Ryan Gravenberch
86%
Midfielder 17 English Curtis Jones
84%
Midfielder 27 German Florian Wirtz
84%
Goalkeeper 56 Georgian Giorgi Mamardashvili
84%
Defender 21 Greek Konstantinos Tsimikas
81%
Defender 84 Northern Irish Conor Bradley
80%
Defender 57 Hungarian Milos Kerkez
80%
Defender 30 Dutch Jeremie Frimpong
76%
Midfielder 19 English Harvey Elliott
73%
Forward 50 Scottish Ben Doak
45%
Midfielder 43 Spanish Stefan Bajčetić
43%
Goalkeeper 55 English Freddie Woodman
42%
Goalkeeper 60 Hungarian Ármin Pécsi
36%
Midfielder 80 English Tyler Morton
29%
Defender 22 Scottish Calvin Ramsay
27%
Defender 46 English Rhys Williams
24%
No matching quizzes found
Score Distribution
Percent of People with Each Score
Percentile by Number Answered
Your Score History
You have not taken this quiz since the last reset